000
00470nam a2200133Ia 4500
008
100328s9999 xx 000 0 und d
082
_b
41289
100
_a
मंकीकर दि.रा.
245
_a
बासष्टचे गुन्हेगार
260
_b
केसरी मुद्रणालय
630
_a
बासष्टचे गुन्हेगार
730
_a
बासष्टचे गुन्हेगार
942
_c
BOOK
999
_c
529901
_d
529898